Statistics for Scottish Premiership Football Teams 2020/21

Click here to take the quiz!

General Stats

  • This quiz has been taken 410 times
    (110 since last reset)
  • The average score is 10 of 12

Answer Stats

Answer% Correct
Celtic
100%
Aberdeen
97%
Rangers
97%
Dundee United
86%
Hibernian
84%
Motherwell
82%
St Mirren
79%
Hamilton Academical
78%
St Johnstone
75%
Ross County
70%
Livingston
70%
Kilmarnock
66%

Score Distribution

Percentile by Number Answered

Percent of People with Each Score

Your Score History

You have not taken this quiz since the last reset